| 000 | 00969nas a2200313 4500 | ||
|---|---|---|---|
| 001 | BR2011005312 | ||
| 003 | BR-BrBNA | ||
| 005 | 20231205115116.0 | ||
| 007 | ta | ||
| 008 | 230509b bl.|||p| |||| 00| 00por d | ||
| 040 |
_aBR-BrBNA _bpor _cBiblioteca Nacional de Agricultura |
||
| 041 | _a(Pt) | ||
| 072 | _aQ02; Q04 | ||
| 100 | 1 | _aMartins, S. | |
| 100 | 1 | _aDonzeles, S.M.L. | |
| 100 | 1 | _aSilva, J.N. da | |
| 100 | 1 | _aZanatta, F.L. | |
| 100 | 1 | _aCecon, P.R. | |
| 245 | 1 | _aQualidade do café cereja descascado submetido à secagem contínua e intermitente, em secador de camada fixa | |
| 650 | _aCAFÉ | ||
| 650 | _aQUALIDADE | ||
| 650 | _aSECAGEM | ||
| 650 | _aPÓS-COLHEITA | ||
| 650 | _aANÁLISE QUÍMICA | ||
| 650 | _aANÁLISE ORGANOLÉPTICA | ||
| 773 | 0 |
_tRevista Brasileira de Armazenamento (Brazil) _xISSN 0100-3518 _g(2009), no. 11(Especial Café) p. 30-36 _wBR2011005312 |
|
| 909 |
_a202311 _bLúcia _c55 _dLúcia Elande |
||
| 942 |
_2AGRIS _n0 _cANA |
||
| 999 |
_c212111 _d212111 |
||